Neoslnila ani majsterka Skončili sa ME v krasokorčuľovaní

Bibliographic Details
Main Author: (bib-t) (Author)
Format: Article
Language:Slovak
Subjects:

MARC

LEADER 00000nab a2200000 a 4500
001 vtls000108469
003 SK-MaSNL
005 20260303024306.0
008 111104c1982 xo 0 slo
015 |a SNBRB19rr/mm-uuuuu 
035 |a CL0118572 
040 |a SNKBUCL  |b slo  |c SNKBUCL  |e AACR2 
041 0 |a slo 
044 |a xo  |c SK 
080 |a 796.912  |2 1981 
100 1 |a (bib-t)  |4 aut  |9 1007782 
245 1 0 |a Neoslnila ani majsterka  |b Skončili sa ME v krasokorčuľovaní  |c (bib-t) 
650 0 7 |a krasokorčuľovanie  |2 snkbucl  |9 3255 
655 7 |a články z novín a časopisov  |2 snkbucl  |9 267496 
773 0 |t Šport  |g Roč. 36, č. 32 (8. 2. 1982), s. 1 a 5 
850 |a Slovenská národná knižnica v Martine  |a MTA001 
852 |a SNK  |b KIS3GCP 
958 |a RK 
992 |a RBX 
999 |c 1639611  |d 1641541